[Event "Olympiad Women 2024"]
[Site "Budapest HUN"]
[Date "2024.09.20"]
[Round "9.10"]
[Board "2"]
[White "Fataliyeva, Ulviyya"]
[Black "Georgescu, Lena"]
[Result "1-0"]
[WhiteElo "2378"]
[BlackElo "2266"]
[PlyCount "71"]
[EventDate "2024.09.11"]
[WhiteTeam "Azerbaijan"]
[BlackTeam "Switzerland"]
[WhiteTeamCountry "AZE"]
[BlackTeamCountry "SUI"]

1. d4 {Marin,Mihail} Nf6 2. c4 e6 3. Nf3 d5 4. g3 Bb4+ 5. Bd2 Be7 6. Bg2 O-O 7. O-O Nbd7 8. Qc2 c6 9. Rc1 a5 10. a4 h6 ({RR} 10... Ne4 11. Be1 f5 12. Nbd2 Bd6 13. e3 Ra7 ({RR} 13... b6 14. cxd5 cxd5 15. Qc6 Ba6 16. Nxe4 fxe4 17. Qxd6 exf3 18. Bh3) ({RR} 13... g5 14. Nb3 ({RR} 14. Nxe4 fxe4 15. Nd2 g4 16. Nb3 Bc7) 14... g4 ({RR} 14... b6 15. cxd5 cxd5 16. Nxg5 Qxg5 17. Bxe4 fxe4 18. Qc6) ({RR} 14... f4 15. exf4 gxf4 16. Qe2) ({RR} 14... Bc7 15. Nfd2 Qf6 16. f4 Kh8) 15. Nfd2 Ng5) 14. Qd1 b6 15. cxd5 cxd5 16. Nb1 Ba6 ({RR} 16... Nb8 17. Na3 Na6 18. Nb5 Ra8 19. Nxd6 Qxd6 20. Ne5) 17. Na3 Qa8 ({RR} 17... Bxa3 18. Rxa3 Rc7) ({RR} 17... Qb8 18. Nb5 Bxb5 19. axb5 Rc8 20. Qa4 ({RR} 20. Bf1 Rac7) 20... Rac7 21. Rc6 Qb7 22. Bf1 Nb8 ({RR} 22... Rxc6 23. bxc6 Rxc6 24. Ba6 Qc7 25. Bb5) 23. Rxc7 Qxc7 24. b4 axb4 25. Bxb4 Nd7 26. Ne1) 18. Nb5 Bxb5 19. axb5 Rc8 20. Bf1 ({RR} 20. Rxc8+ Qxc8 21. b4 a4 22. Rxa4 ({RR} 22. Ra3 Qa8 23. Qa1 g5) 22... Rxa4 23. Qxa4 Qc1) 20... Rxc1 ({RR} 20... Rac7 21. Rxc7 Rxc7 22. b4) 21. Rxc1 Rc7 22. Rxc7 Bxc7 23. Qa4 Qb8 ({RR} 23... g5 24. b4 g4 25. Nd2 Nxd2 26. Bxd2 Qd8 27. bxa5 bxa5 28. Bd3) 24. b4 axb4 25. Bxb4 {1-0 Carlsen,M (2851)-Eljanov,P (2765) Norway Chess 4th 2016 (9)} {RR} g5 ({RR} 25... Bd6 26. Bxd6 Qxd6 ({RR} 26... Nxd6 27. Qc2) 27. Qa8+ Kf7 28. Qc6) 26. Qc2 Bd6 27. Qc6 Ndf6 28. Bxd6 Qxd6 29. Nxg5 Qxc6 30. bxc6 Nxg5 31. c7) 11. Be1 ({RR} 11. Bc3 b6 12. Ne5 Bb7 13. Nxd7 Qxd7 14. Nd2 b5 15. axb5 cxb5 16. cxb5 Qxb5 {½-½ Niemann,H (2689)-Sarana,A (2706) 7th Sharjah Masters 2024 (5.2)}) 11... Bd6 $146 ({RR} 11... Re8 12. Nbd2 b6 13. e4 dxe4 14. Nxe4 Bb7 15. Ne5 Qc7 16. Bc3 Nxe5 17. dxe5 Nxe4 18. Qxe4 Rab8 19. Bd2 c5 20. Qg4 Qxe5 21. Bf4 Qd4 22. Qe2 Bxg2 23. Bxb8 Ba8 24. Rd1 Qf6 25. Be5 Qf5 26. f4 {0-1 Maghsoodloo,P (2698)-Wagner,D (2572) Titled Tuesday intern op 17th Aug blitz 2021 (6)}) ({RR} 11... b6 12. cxd5 cxd5 13. Nc3 Bb7 14. Nb5 Rc8 15. Qd1 Rxc1 16. Rxc1 Qb8 17. Bd2 Rc8 18. Bf4 Rxc1 19. Qxc1 Qc8 20. Qxc8+ Bxc8 21. Ne5 Nxe5 22. Bxe5 Ne8 23. e3 Bd7) ({RR} 11... Re8 12. Nbd2) ({RR} 11... b6 12. cxd5 cxd5 13. Nc3 Bb7 14. Nb5 Rc8 15. Qd1 Rxc1 16. Rxc1 Qb8 17. Bd2 Rc8 18. Bf4 Rxc1 19. Qxc1 Qc8 20. Qxc8+ Bxc8 21. Ne5 Nxe5 22. Bxe5 Ne8 23. e3 Bd7 {½-½ Sandipan,C (2608)-Meier,G (2668) Dresden ZMD op-A 21st 2012 (4)}) ({RR} 11... Re8 12. Nbd2 b6 13. e4 dxe4 14. Nxe4 Bb7 15. Ne5 Qc7 16. Nxd7 Qxd7 17. Rd1 Qc7 18. Nxf6+ Bxf6 19. c5 Red8 20. Bc3 b5 21. axb5 cxb5 22. Bxb7 Qxb7 23. Bxa5 Rxd4 24. c6 Qc8 25. Rxd4 Bxd4 26. Rd1 {½-½ Maghsoodloo,P (2676)-Esipenko,A (2682) PNWCC Online blitz JP 14th 2020 (5)}) 12. Nfd2 e5 13. cxd5 cxd5 14. Nc3 exd4 15. Nxd5 Nxd5 16. Bxd5 Nf6 17. Bf3 Bh3 18. Bxb7 Ra7 19. Bf3 Re8 20. Nc4 Bb8 21. Rd1 Nh7 22. Bc3 Ng5 23. Rxd4 Nxf3+ 24. exf3 Rd7 25. Rh4 Be6 26. Nxa5 Bd5 27. Rg4 Be5 28. Nc6 Qc7 29. Nxe5 Rxe5 30. f4 Re6 31. Rxg7+ Kf8 32. Qh7 Qb7 33. Qg8+ Ke7 34. Qxf7+ Kd8 35. Ba5+ Kc8 36. Rg8+ 1-0

[Event "Olympiad Women 2024"]
[Site "Budapest HUN"]
[Date "2024.09.20"]
[Round "9.10"]
[Board "3"]
[White "Hryzlova, Sofiia"]
[Black "Beydullayeva, Govhar"]
[Result "0-1"]
[WhiteElo "2188"]
[BlackElo "2395"]
[PlyCount "58"]
[EventDate "2024.09.11"]
[WhiteTeam "Switzerland"]
[BlackTeam "Azerbaijan"]
[WhiteTeamCountry "SUI"]
[BlackTeamCountry "AZE"]

1. d4 Nf6 2. Nf3 d5 3. Bf4 c5 4. e3 Nc6 5. Nbd2 e6 6. c3 Be7 7. h3 Bd6 8. Bd3 Bxf4 9. exf4 Qb6 10. dxc5 Qxb2 11. Qc1 $146 ({RR} 11. O-O Qxc3 12. Nb3 Nd7 13. Bb5 Qf6 14. Qd2 O-O 15. Rfe1 Qe7 16. Rac1 Nf6 17. Bxc6 bxc6 18. Qa5 Bd7 19. Ne5 Rfc8 20. Nd4 Be8 21. Nd3 Qc7 22. Qa6 Rab8 23. f5 Bd7 24. fxe6 fxe6 25. Rc2 Qb7 {½-½ Savchenko,B (2573)-Volovich,V (2147) Lipetsk Winter Cup rapid 2020 (3)}) 11... Qxc1+ 12. Rxc1 O-O 13. c4 Rd8 14. O-O Nb4 15. Bb1 Bd7 16. Ne5 Rac8 17. Nb3 Ba4 18. Na5 Rc7 19. Rc3 b6 20. cxb6 axb6 21. Nb3 Rdc8 22. Rfc1 Ne8 23. Nd2 Nd6 24. a3 Na6 25. Ba2 b5 26. g4 bxc4 27. Rg3 Nc5 28. Bb1 Rb7 29. f5 Rb2 0-1

[Event "Olympiad Women 2024"]
[Site "Budapest HUN"]
[Date "2024.09.20"]
[Round "9.10"]
[Board "4"]
[White "Balajayeva, Khanim"]
[Black "Manko, Mariia"]
[Result "1-0"]
[WhiteElo "2384"]
[BlackElo "2159"]
[PlyCount "93"]
[EventDate "2024.09.11"]
[WhiteTeam "Azerbaijan"]
[BlackTeam "Switzerland"]
[WhiteTeamCountry "AZE"]
[BlackTeamCountry "SUI"]

1. e4 c5 2. Nf3 Nc6 3. Bb5 g6 4. O-O Bg7 5. d3 Nf6 6. Nc3 O-O 7. e5 Ne8 8. Bxc6 bxc6 ({RR} 8... dxc6 9. h3 Nc7 10. Be3 Ne6 11. Ne4 b6 12. Qd2 Bb7 13. Rae1 c4 14. dxc4 c5 15. Bh6 Qxd2 16. Bxd2 Rfd8 17. Bc3 Bh6 18. b3 Rd7 19. g3 Rad8 20. Re2 Rd1 21. Nfd2 Rxf1+ 22. Kxf1 Bxd2 23. Nxd2 {½-½ Aronian,L (2781)-Carlsen,M (2847) Goldmoney Asian Rapid KO 2021 (2.22)}) ({RR} 8... dxc6 9. h3 Nc7 10. a4 a5 11. Re1 Ne6 12. b3 Nd4 13. Bb2 b6 14. Ne4 h6 15. Ned2 Be6 16. Re4 Bf5 17. Re1 Be6 18. Re4 Bf5 19. Re1 Be6 {½-½ Gokcek,K (2160)-Cilek,B (2242) TCh-TUR Super League 2024 (14.24)}) ({RR} 8... dxc6 9. h3 Nc7 10. a4 a5 11. b3 Ne6 12. Bb2 Nd4 13. Ne4 Qc7 14. Nxd4 cxd4 15. Bxd4 Bxe5 16. Bxe5 Qxe5 17. Re1 Qg7 18. Qf3 Bf5 19. Ng3 Be6 20. Qf4 Rfd8 21. Re5 Rd5 22. Rae1 Rad8 23. Rxd5 {1-0 Balajayeva,K (2371)-Toma,K (2202) 24th ch-EUR Indiv w 2024 (5.23)}) 9. Re1 Nc7 10. Na4 $146 ({RR} 10. Ne4 Ne6 11. b3 d5 12. Ng3 Ba6 13. c4 Bc8 14. Ng5 a5 15. a4 Rb8 16. Nxe6 Bxe6 17. Rb1 dxc4 18. dxc4 Qxd1 19. Rxd1 Bxc4 20. Bf4 Bxb3 21. Rdc1 c4 22. Ne4 Rfd8 23. f3 Rd5 24. e6 Rbd8 {1-0 Demchenko,A (2654)-Peralta,E (2238) Titled Tuesday intern op 10th May Late blitz 2022 (2)}) 10... d6 11. h3 h6 12. c3 Ne6 13. Be3 dxe5 14. Nxc5 Qd5 15. Qb3 Rd8 16. Qa3 Nf4 17. Bxf4 exf4 18. Rxe7 Bxh3 19. Re4 Bf8 20. Re5 Bxc5 21. Qxc5 Qxd3 22. Qxc6 Bg4 23. Nd4 Qd2 24. Rb1 Rab8 25. Qf6 Rf8 26. f3 Bd7 27. Re2 Qd3 28. Rbe1 Qc4 29. Qd6 Bb5 30. a3 Qc8 31. Re7 Bc4 32. Rc7 Qa6 33. Qxa6 Bxa6 34. Rxa7 Bd3 35. Rd1 Bc4 36. Rc7 Ba2 37. Rd2 Rfe8 38. Kf2 g5 39. b4 Bb1 40. a4 h5 41. Ne2 Re3 42. Rcd7 Rbe8 43. a5 g4 44. Nxf4 gxf3 45. gxf3 R8e5 46. Nd5 Re1 47. a6 1-0

[Event "Olympiad Women 2024"]
[Site "Budapest HUN"]
[Date "2024.09.20"]
[Round "9.11"]
[Board "1"]
[White "Munkhzul, Turmunkh"]
[Black "Theissl Pokorna, Regina"]
[Result "1-0"]
[WhiteElo "2256"]
[BlackElo "2302"]
[PlyCount "65"]
[EventDate "2024.09.11"]
[WhiteTeam "Mongolia"]
[BlackTeam "Austria"]
[WhiteTeamCountry "MGL"]
[BlackTeamCountry "AUT"]

1. e4 e5 2. Nf3 Nc6 3. Bb5 Nge7 4. O-O Ng6 5. d4 exd4 6. Nxd4 Bc5 7. Be3 Nxd4 8. Bxd4 Qg5 9. Bxc5 Qxc5 10. Nc3 O-O 11. Qd2 d6 12. Rfe1 $146 ({RR} 12. Kh1 f5 13. Be2 Be6 14. f4 Bc4 15. Rae1 Bxe2 16. Rxe2 Rae8 {½-½ Mulyar,M (2413)-Shipman,W (2223) Las Vegas National op 2004 (3)}) ({RR} 12. Kh1 Be6 13. Rae1 f5 14. exf5 Bxf5 15. a3 c6 16. b4 Qb6 17. Bd3 Bxd3 18. cxd3 d5 19. f4 Qd4 20. Ne2 Qf6 21. Ng1 Rae8 22. g3 h6 23. Nf3 Qf5 24. Nd4 Qf6 25. Nf3 Qf5 26. Nd4 Qf6 {½-½ Skvortsov,A (2343)-Korshunov,S (2340) RUDAR IX GM RR 2024 (7.5)}) 12... Bg4 13. Qe3 Qe5 14. Bf1 c6 15. h3 Be6 16. Rad1 Rfd8 17. Rd4 Rd7 18. Red1 Rad8 19. Ra4 b6 20. Rad4 Nf4 21. Qg3 h6 22. Kh2 b5 23. Ne2 c5 24. R4d2 Nxe2 25. Bxe2 a6 26. f4 Qf6 27. f5 Bc4 28. e5 dxe5 29. Rxd7 Rxd7 30. Rxd7 Bxe2 31. Qe3 Bf1 32. Qf3 Bc4 33. b3 1-0

[Event "Olympiad Women 2024"]
[Site "Budapest HUN"]
[Date "2024.09.20"]
[Round "9.11"]
[Board "2"]
[White "Exler, Veronika"]
[Black "Munguntuul, Batkhuyag"]
[Result "0-1"]
[WhiteElo "2176"]
[BlackElo "2346"]
[PlyCount "98"]
[EventDate "2024.09.11"]
[WhiteTeam "Austria"]
[BlackTeam "Mongolia"]
[WhiteTeamCountry "AUT"]
[BlackTeamCountry "MGL"]

1. e4 c5 2. c3 Nf6 3. e5 Nd5 4. d4 cxd4 5. Nf3 e6 6. cxd4 d6 7. Bc4 Nc6 8. O-O Be7 9. Qe2 O-O 10. Nc3 dxe5 11. dxe5 Nxc3 12. bxc3 Bd7 13. Bd3 ({RR} 13. Rd1 Qc7 14. Bd3 Rfd8 15. h4 Be8 16. Qe4 g6 17. h5 Rd5 18. hxg6 hxg6 19. Re1 Rad8 20. Bc2 Rc5 21. Qe3 Nxe5 22. Nxe5 Rxc3 23. Bd3 Bf6 24. Bb2 Bxe5 25. Bxc3 Bxc3 26. Rac1 Qa5 27. Red1 Bd4 {0-1 Istratescu,A (2670)-Anand,V (2773) London Classic Gp-A 5th rapid 2013 (3)}) 13... Qc7 14. Re1 ({RR} 14. Qe4 g6 15. Re1 Rfd8 16. Bg5 Be8 17. Rad1 Rd5 18. c4 Rdd8 19. Qh4 Bxg5 20. Nxg5 h5 21. Qf4 Rd4 22. Ne4 Rad8 23. Nf6+ Kg7 24. Nxh5+ gxh5 25. Qg5+ Kf8 26. Qh6+ Ke7 27. Qf6+ Kf8 28. Re3 Nb4 {1-0 Sowinski,P (2377)-Diaz Herquinio,B (2051) Titled Tue 13th Feb Early 2024 (2)}) 14... Rfd8 $146 ({RR} 14... g6 15. h4 Rfd8 16. Bg5 Be8 17. Rad1 Rd5 18. c4 Nd4 19. Qe3 Nxf3+ 20. Qxf3 Rd4 21. Be4 Rxd1 22. Rxd1 Bxg5 23. hxg5 Qxe5 24. Bxb7 Rb8 25. Bc6 Qxg5 26. Bxe8 Rxe8 27. Rd7 Rf8 28. Rxa7 Qc1+ 29. Kh2 {½-½ Szabo,G (2563)-Fedorov,A (2553) ROM-chT  Mamaia 2015 (8.5)}) 15. Ng5 g6 16. Bf4 Be8 17. h4 Rd5 18. Bc4 Rc5 19. Ne4 Ra5 20. Nd6 Nxe5 21. Nxf7 Bxf7 22. Bxe5 Rxe5 23. Qxe5 Qxc4 24. h5 gxh5 25. Re3 h4 26. Re4 Qc6 27. Rae1 Rd8 28. c4 b6 29. Qf4 Qc5 30. Qg4+ Qg5 31. Qh3 Kf8 32. Qf3 Qf6 33. Rf4 Qg6 34. Rfe4 Rd6 35. Rg4 Qh5 36. Qe4 Qf5 37. Qa8+ Rd8 38. Qe4 Qxe4 39. Rgxe4 Bf6 40. Rf4 Ke7 41. Rfe4 Rd2 42. R1e2 Rxe2 43. Rxe2 Kd6 44. Re3 Bg6 45. Kf1 Bf5 46. Ke2 Kc5 47. Ra3 a5 48. Rb3 Bd4 49. f4 Kxc4 0-1

[Event "Olympiad Women 2024"]
[Site "Budapest HUN"]
[Date "2024.09.20"]
[Round "9.11"]
[Board "3"]
[White "Nomin-Erdene, Davaademberel"]
[Black "Schloffer, Jasmin-Denise"]
[Result "1-0"]
[WhiteElo "2319"]
[BlackElo "2168"]
[PlyCount "98"]
[EventDate "2024.09.11"]
[WhiteTeam "Mongolia"]
[BlackTeam "Austria"]
[WhiteTeamCountry "MGL"]
[BlackTeamCountry "AUT"]

1. Nf3 Nf6 2. g3 d5 3. Bg2 c5 4. d3 e6 5. O-O Nc6 6. Nbd2 Be7 7. e4 b6 8. Re1 Bb7 9. e5 Nd7 10. Nf1 Qc7 11. Bf4 O-O-O 12. h4 h6 13. c3 Rdg8 14. Qd2 Qd8 15. h5 g5 16. hxg6 Rxg6 17. a3 h5 18. b4 $146 ({RR} 18. d4 Na5 19. Qc2 c4 20. N1d2 h4 21. b4 cxb3 22. Nxb3 Nxb3 23. Qxb3 h3 24. Bh1 Qg8 25. Kh2 Rg4 26. Rg1 Qg6 27. a4 Qf5 28. Be3 Qd3 {½-½ Lee,T (1988)-Ding,T Kuala Lumpur op 8th 2011 (7)}) 18... h4 19. Rab1 Qg8 20. d4 c4 21. Ne3 Nf8 22. gxh4 Bxh4 23. Nxh4 Rxh4 24. Bg3 Rh8 25. Kf1 Rgh6 26. Ke2 Ng6 27. Ng4 R6h7 28. Nf6 Qg7 29. Nxh7 Rxh7 30. Qg5 Qf8 31. Rh1 Rg7 32. Qf6 Nce7 33. Rh2 Bc6 34. Rbh1 Qg8 35. Bh3 Ba4 36. Kd2 Qf8 37. Bg4 Ng8 38. Qf3 Bd7 39. Bh4 Nxh4 40. Rxh4 Qe7 41. Qf4 f6 42. Rh8 fxe5 43. dxe5 Kb7 44. Bd1 a5 45. Bc2 axb4 46. axb4 d4 47. Qxd4 Bc6 48. R1h7 Qg5+ 49. Qe3 Kc7 1-0

[Event "Olympiad Women 2024"]
[Site "Budapest HUN"]
[Date "2024.09.20"]
[Round "9.11"]
[Board "4"]
[White "Hapala, Elisabeth"]
[Black "Mungunzul, Bat-Erdene"]
[Result "0-1"]
[WhiteElo "2113"]
[BlackElo "2224"]
[PlyCount "98"]
[EventDate "2024.09.11"]
[WhiteTeam "Austria"]
[BlackTeam "Mongolia"]
[WhiteTeamCountry "AUT"]
[BlackTeamCountry "MGL"]

1. e4 e5 2. Nf3 Nc6 3. Bb5 a6 4. Ba4 Nf6 5. O-O Be7 6. Re1 b5 7. Bb3 d6 8. c3 O-O 9. h3 Nb8 10. d4 Nbd7 11. Nbd2 Bb7 12. Bc2 Re8 13. Nf1 Bf8 14. Ng3 a5 ({RR} 14... c6 15. b3 Qc7 16. Bb2 g6 17. c4 bxc4 18. bxc4 exd4 19. Bxd4 a5 20. Rb1 Bg7 21. Qd2 Ba6 22. Bd3 Nc5 23. Bxc5 dxc5 24. e5 Nd7 25. e6 fxe6 26. Qe3 Rad8 27. Ne4 Ne5 28. Nxe5 Qxe5 29. Rb6 {½-½ Anand,V (2799)-Karjakin,S (2732) Amber-rapid 17th 2008 (6)}) 15. Bd3 ({RR} 15. Bd2 a4 16. Bd3 c6 17. Nh2 Qb6 18. Be3 exd4 19. cxd4 c5 20. d5 b4 21. f4 Ba6 22. Bf2 a3 23. Rb1 Bxd3 24. Qxd3 axb2 25. Rxb2 Qa6 26. Qd1 Qb5 27. Nf3 Nb6 28. Rc2 Ra3 29. Kh2 Rd3 {0-1 Ayats Llobera,G (2457)-Pichot,A (2638) TCh-ESP Div 1 2024 (2.14)}) 15... b4 $146 ({RR} 15... c6 16. Bg5 Qb6 17. Qd2 Rad8 18. Rad1 b4 19. Be3 c5 20. d5 Qc7 21. Bb5 Be7 22. Qe2 Rb8 23. Nd2 Bc8 24. a4 Rd8 25. Nc4 Nf8 26. cxb4 axb4 27. b3 Ng6 28. Bc1 h6 29. Kh2 Nh7 30. Nh5 {1-0 Kozirev,A (2227)-Khafizova,Y (1938) Cheliabinsk Kibizov Memorial 8th 2013 (7)}) 16. Bd2 exd4 17. cxd4 c5 18. d5 Ba6 19. Bxa6 Rxa6 20. Qc2 g6 21. Bg5 Bg7 22. Nf1 h6 23. Bf4 Nh5 24. Bh2 Qf6 25. Rab1 Nf4 26. N1d2 Ra7 27. Re3 a4 28. Nc4 g5 29. Nfd2 Ra6 30. Nf1 Qg6 31. Rc1 Bd4 32. Ree1 Nf6 33. Nfd2 N6xd5 34. Nf3 b3 35. axb3 Nb4 36. Qd1 Nfd3 37. Nxd4 cxd4 38. Qd2 Nxc1 39. Rxc1 Na2 40. Rd1 axb3 41. f3 Rc8 42. Qd3 Rac6 43. Qxb3 Rxc4 44. Qxa2 Rc1 45. Rxc1 Rxc1+ 46. Kf2 Rc2+ 47. Kf1 g4 48. hxg4 Qg5 49. Bg3 Qd2 0-1

[Event "Olympiad Women 2024"]
[Site "Budapest HUN"]
[Date "2024.09.20"]
[Round "9.12"]
[Board "1"]
[White "Injac, Teodora"]
[Black "Khamdamova, Afruza"]
[Result "1/2-1/2"]
[WhiteElo "2425"]
[BlackElo "2313"]
[PlyCount "114"]
[EventDate "2024.09.11"]
[WhiteTeam "Serbia"]
[BlackTeam "Uzbekistan"]
[WhiteTeamCountry "SRB"]
[BlackTeamCountry "UZB"]

1. d4 d5 2. Nf3 Nf6 3. Bf4 e6 4. e3 c5 5. Nbd2 Qb6 6. Rb1 Bd6 7. dxc5 Qxc5 8. Bd3 Nbd7 9. b4 Qc7 10. Bxd6 Qxd6 11. c4 O-O 12. O-O b6 13. Qe2 Bb7 14. Rfd1 Qe7 15. e4 dxe4 16. Nxe4 Nxe4 17. Bxe4 Bxe4 18. Qxe4 Nf6 19. Qe2 $146 ({RR} 19. Qe3 Rfd8 20. a3 Rac8 21. Rxd8+ Qxd8 22. Rc1 Qc7 23. g3 h6 24. Rc2 Qb7 25. Qd3 Qe4 26. Qxe4 Nxe4 27. Kf1 Kf8 28. Ke2 Ke7 29. Kd3 f5 30. Ne5 Kf6 31. f4 Ke7 32. Ke3 Rc7 33. Kd4 Kd6 {1-0 Ni,S (2311)-Hu,Y (2162) TCh-CHN DivA Finals 2023 (3.15)}) 19... Rfd8 20. a3 Qc7 21. Ne5 h6 22. h3 a6 23. Qe3 Rac8 24. Rbc1 Rxd1+ 25. Rxd1 b5 26. c5 Nd5 27. Qd4 a5 28. f4 axb4 29. axb4 f6 30. Nd3 Ne7 31. Qd6 Kf7 32. Ra1 Nd5 33. Ra6 Qxd6 34. Rxd6 Ke7 35. f5 Nc7 36. fxe6 Nxe6 37. Kf2 Ra8 38. Rb6 Ra2+ 39. Ke3 Nc7 40. Kf3 Ra3 41. Ke4 Rc3 42. Rd6 Ne6 43. g3 g6 44. Rb6 Rc4+ 45. Ke3 Nc7 46. Rd6 Ne6 47. h4 h5 48. Rb6 Nd4 49. Nf4 Nc2+ 50. Kf3 Nxb4 51. Rxb5 Nc6 52. Rb7+ Ke8 53. Nxg6 Rxc5 54. Rh7 Ne5+ 55. Nxe5 Rxe5 56. Kf4 Kf8 57. Rb7 Kg8 1/2-1/2

[Event "Olympiad Women 2024"]
[Site "Budapest HUN"]
[Date "2024.09.20"]
[Round "9.12"]
[Board "2"]
[White "Yakubbaeva, Nilufar"]
[Black "Gajcin, Marina"]
[Result "1/2-1/2"]
[WhiteElo "2248"]
[BlackElo "2253"]
[PlyCount "74"]
[EventDate "2024.09.11"]
[WhiteTeam "Uzbekistan"]
[BlackTeam "Serbia"]
[WhiteTeamCountry "UZB"]
[BlackTeamCountry "SRB"]

1. d4 Nf6 2. Nf3 e6 3. c4 Bb4+ 4. Bd2 a5 5. a3 Bxd2+ 6. Qxd2 O-O 7. Nc3 d5 8. e3 b6 9. cxd5 exd5 10. Bd3 Bb7 11. O-O c5 12. b3 ({RR} 12. Ne5 Nc6 13. Rad1 Qe7 14. f4 Na7 15. Qf2 c4 16. Bb1 Rfe8 17. a4 Nc8 18. g4 Nd6 19. g5 Nfe4 20. Nxe4 dxe4 21. Rc1 Bd5 22. Ba2 Rac8 23. Qe2 Qe6 24. Qg4 Qxg4+ 25. Nxg4 Rc7 26. Rc2 Rec8 {0-1 Maki Uuro,M (2281)-Miezis,N (2411) 32nd Heart of Finland Op 2024 (8.4)}) 12... Nbd7 13. Rfc1 $146 ({RR} 13. Rfd1 Qe7 14. Qb2 Ne4 15. Rac1 Rfd8 16. h3 h6 17. Bb5 Nxc3 18. Rxc3 Nf6 19. a4 Rac8 20. Rdc1 Rc7 21. R3c2 Rdc8 22. Qa3 Ne4 23. Bd3 Nd6 24. Be2 g6 25. Bf1 h5 26. Be2 Nf5 27. Qb2 Ng7 {½-½ Chandra,A (2468)-Supi,L (2603) 16th American Continental 2023 (6.5)}) 13... Qe7 14. Bb5 Ne4 15. Qb2 Nxc3 16. Qxc3 Rfc8 17. Bxd7 Qxd7 18. Qb2 Qd6 19. Rab1 Ba6 20. dxc5 bxc5 21. Qe5 Qxe5 22. Nxe5 Ra7 23. Rc3 Rac7 24. Rbc1 f6 25. Nd3 c4 26. bxc4 Rxc4 27. Rxc4 dxc4 28. Nf4 Rb8 29. Ne6 c3 30. f3 Rc8 31. Kf2 Bb5 32. Nd4 Ba4 33. Ke2 c2 34. Kd2 Rd8 35. Kc3 Rc8+ 36. Kd2 Rd8 37. Kc3 Rc8+ 1/2-1/2

[Event "Olympiad Women 2024"]
[Site "Budapest HUN"]
[Date "2024.09.20"]
[Round "9.12"]
[Board "3"]
[White "Mandura, Tijana"]
[Black "Malikova, Marjona"]
[Result "1-0"]
[WhiteElo "2207"]
[BlackElo "2083"]
[PlyCount "57"]
[EventDate "2024.09.11"]
[WhiteTeam "Serbia"]
[BlackTeam "Uzbekistan"]
[WhiteTeamCountry "SRB"]
[BlackTeamCountry "UZB"]

1. e4 e6 2. d4 d5 3. e5 c5 4. c3 Nc6 5. Nf3 Qb6 6. Be2 Bd7 7. O-O Rc8 8. dxc5 Bxc5 9. b4 Be7 ({RR} 9... Bf8 10. Na3 Nge7 11. Rb1 Ng6 12. c4 Nxb4 13. cxd5 exd5 14. Bd2 a5 15. Qb3 Bc5 16. Nc2 O-O 17. Nxb4 axb4 18. a3 Bf5 19. Bd3 Be4 20. axb4 Bd4 21. Bxe4 dxe4 22. Ng5 Nxe5 {½-½ Durarbayli,V (2596)-Nyzhnyk,I (2622) Chicago op 25th 2016 (9)}) 10. Na3 a6 ({RR} 10... f6 11. Be3 Qc7 12. Nb5 Qb8 13. c4 dxc4 14. Bc5 Nxe5 15. Nd6+ Bxd6 16. Bxd6 Nxf3+ 17. Bxf3 Qa8 18. Re1 Ne7 19. Bg4 f5 20. Bh5+ g6 21. Qd4 O-O 22. Bxe7 Rf7 23. Qxd7 gxh5 24. Qxe6 Re8 25. Qxc4 {1-0 Movahed,S (2464)-Kazarian,A (2182) 7th Sharjah Challengers 2024 (3.12)}) 11. Rb1 $146 ({RR} 11. Re1 Nh6 12. Be3 Qd8 13. Nc2 Nf5 14. Bc1 h5 15. Bd3 Nh4 16. Nfd4 Nxd4 17. cxd4 Bb5 18. Bxb5+ axb5 19. Qd3 Qd7 20. Bd2 Nf5 21. Na3 Rc4 22. Nxc4 bxc4 23. Qc3 b5 24. a4 bxa4 25. b5 O-O {½-½ Galchenko,M (2438)-Taspinar,Y (2302) Titled Tue 4th Jul Early 2023 (6)}) 11... Qc7 12. Bf4 Nh6 13. Bd3 b5 14. Nc2 Nd8 15. Rb3 f5 16. exf6 Qxf4 17. fxe7 Nc6 18. a4 Nxe7 19. axb5 axb5 20. Qe2 O-O 21. Ncd4 Rf6 22. Ne5 Be8 23. g3 Qg5 24. f4 Qh5 25. Qg2 Nef5 26. Be2 Ne3 27. Bxh5 Nxg2 28. Bxe8 Ne3 29. Re1 1-0

[Event "Olympiad Women 2024"]
[Site "Budapest HUN"]
[Date "2024.09.20"]
[Round "9.12"]
[Board "4"]
[White "Nadirjanova, Nodira"]
[Black "Eric, Jovana"]
[Result "1-0"]
[WhiteElo "2059"]
[BlackElo "2162"]
[PlyCount "191"]
[EventDate "2024.09.11"]
[WhiteTeam "Uzbekistan"]
[BlackTeam "Serbia"]
[WhiteTeamCountry "UZB"]
[BlackTeamCountry "SRB"]

1. d4 d5 2. c4 c6 3. e3 Nf6 4. Nc3 e6 5. Nf3 Nbd7 6. Bd3 dxc4 7. Bxc4 b5 8. Bd3 b4 9. Ne4 Nxe4 10. Bxe4 Bb7 11. Qc2 Rc8 12. Nd2 Nf6 13. Bf3 Be7 14. O-O O-O 15. Nb3 Nd7 16. Bd2 $146 ({RR} 16. a3 bxa3 17. Nc5 Nxc5 18. dxc5 Ba6 19. Rd1 Qc7 20. b4 Rfd8 21. Bxa3 Bb5 22. Bb2 Rxd1+ 23. Bxd1 h6 24. f4 Rd8 25. Be5 Qb7 26. Qb2 Bf8 27. Bd4 Rd7 28. Qc3 Qc7 29. Ba4 Bxa4 30. Rxa4 Qb8 {½-½ Wu,Y (2043)-Urazayev,A (2436) 20th Asian Continental 2023 (8.21)}) 16... Ba6 17. Rfd1 Qb6 18. Rac1 c5 19. dxc5 Nxc5 20. Nxc5 Bxc5 21. Qb3 Rfd8 22. h3 h6 23. Be1 Qb5 24. Kh2 Bd6+ 25. g3 Rxc1 26. Rxc1 Qf1 27. Bg2 Qe2 28. Kg1 Qb5 29. Rd1 Qe2 30. Rc1 Qb5 31. Rc2 Qb8 32. Rd2 Bb5 33. a3 a5 34. axb4 axb4 35. Rd4 e5 36. Rd1 Be8 37. Ra1 Qb6 38. Bd5 Bc5 39. Qc4 Qd6 40. e4 Qe7 41. Kg2 Rb8 42. Ra5 Bd6 43. Qa2 Bc5 44. b3 Kh7 45. Ra8 Rxa8 46. Qxa8 Bb5 47. Qc8 Bd7 48. Qa6 g6 49. Qc4 Kg7 50. Bd2 Bd6 51. Qc1 g5 52. g4 Qd8 53. Qc4 Qe7 54. Be3 Be8 55. Bc6 Bxc6 56. Qxc6 Qe6 57. Kf3 Qe7 58. Ke2 Qe6 59. Qc4 Qe7 60. Qd5 Qc7 61. Kf3 Qe7 62. Qc6 Qf6+ 63. Ke2 Qe6 64. Bb6 Qe7 65. Kd3 Qe6 66. Qd5 Qf6 67. Kc4 Be7 68. Kb5 Qf3 69. Qxe5+ Bf6 70. Qg3 Qxe4 71. Qe3 Qb7 72. Kxb4 Bd8 73. Kb5 Qd5+ 74. Bc5 Qb7+ 75. Kc4 Qa6+ 76. Kc3 Bf6+ 77. Kd2 Qa1 78. Ke2 Qa6+ 79. Qd3 Qe6+ 80. Be3 Qe5 81. b4 Qb2+ 82. Bd2 Qe5+ 83. Kf1 Qa1+ 84. Kg2 Qa8+ 85. Qf3 Qc8 86. Qd5 Qc2 87. b5 Qb2 88. Be3 Qc3 89. b6 Qb2 90. b7 Be5 91. Ba7 Kg6 92. Qe4+ f5 93. Qxf5+ Kg7 94. Qxe5+ Qxe5 95. b8=Q Qe4+ 96. Kh2 1-0

[Event "Olympiad Women 2024"]
[Site "Budapest HUN"]
[Date "2024.09.20"]
[Round "9.13"]
[Board "1"]
[White "Brunello, Marina"]
[Black "Alinasab, Mobina"]
[Result "1/2-1/2"]
[WhiteElo "2348"]
[BlackElo "2336"]
[PlyCount "116"]
[EventDate "2024.09.11"]
[WhiteTeam "Italy"]
[BlackTeam "Iran"]
[WhiteTeamCountry "ITA"]
[BlackTeamCountry "IRI"]

1. e4 c5 2. Nf3 e6 3. g3 Nc6 4. Bg2 Nf6 5. Qe2 e5 6. c3 Be7 7. O-O O-O 8. Na3 Re8 9. d3 d6 10. Nc4 Bf8 11. Bg5 h6 12. Bxf6 Qxf6 13. a4 Be6 14. Nfd2 Qd8 15. Ne3 a6 16. f4 f6 17. f5 Bf7 18. Nd5 $146 ({RR} 18. Bf3 b5 19. Bh5 Bxh5 20. Qxh5 Ne7 21. Qf3 Qd7 22. Ra2 Rad8 23. axb5 axb5 24. c4 Nc6 25. Nd5 Nb4 26. Ra5 Rb8 27. b3 Qd8 28. Ra7 Ra8 29. Rxa8 Qxa8 30. Nc7 Qa2 31. Nxe8 Qxd2 32. cxb5 d5 {0-1 Demchenko,A (2609)-Arabidze,M (2457) Titled Tue 30th Apr Late 2024 (6)}) 18... Rb8 19. Bf3 Bxd5 20. exd5 Na5 21. Qf2 b6 22. Be4 Qc7 23. b4 Nb7 24. b5 axb5 25. axb5 c4 26. Nxc4 Nc5 27. Nd2 Ra8 28. Qe3 Qb7 29. Nc4 Rxa1 30. Rxa1 Ra8 31. Qe1 Ra7 32. Qb1 Qa8 33. Rxa7 Qxa7 34. Bf3 Qc7 35. Be2 Qa7 36. h4 Be7 37. Kh2 Bf8 38. Kh3 Be7 39. Bh5 Kf8 40. Qd1 Bd8 41. Nxd6 Qd7 42. Nf7 Qxd5 43. Nxd8 Qxd8 44. d4 exd4 45. cxd4 Ne4 46. Qb3 Qd7 47. Bg6 Nd6 48. Qd5 Qc7 49. Kg4 Qd7 50. Bh7 Ke7 51. Qg8 h5+ 52. Kf4 Nf7 53. Ke3 Qc7 54. Qxg7 Qc3+ 55. Ke2 Qc2+ 56. Ke3 Qc3+ 57. Ke4 Qc2+ 58. Kf3 Qd3+ 1/2-1/2